Potravinári a reťazce spolu
Potravinárska komora Slovenska a Slovenská aliancia moderného obchodu založili spoločne iniciatívu pre férový obchod. Táto iniciatíva vytvára samoregulačný etický rámec pre obchodné vzťahy medzi potravinármi a obchodníkmi. Je to príležitosť na skvalitnenie vzájomných obchodných vzťahov a vytvorenie...
Enregistré dans:
| Format: | Chapitre de livre |
|---|---|
| Langue: | slovaque |
| Sujets: | |
| Tags: |
Pas de tags, Soyez le premier à ajouter un tag!
|
MARC
| LEADER | 00000naa a2200000 4500 | ||
|---|---|---|---|
| 001 | 0242809 | ||
| 005 | 20180511144252.3 | ||
| 041 | 0 | |a slo | |
| 044 | |a SK | ||
| 245 | 1 | 0 | |a Potravinári a reťazce spolu |
| 520 | |a Potravinárska komora Slovenska a Slovenská aliancia moderného obchodu založili spoločne iniciatívu pre férový obchod. Táto iniciatíva vytvára samoregulačný etický rámec pre obchodné vzťahy medzi potravinármi a obchodníkmi. Je to príležitosť na skvalitnenie vzájomných obchodných vzťahov a vytvorenie lepších príliežitostí pre podnikanie. Jedenásť zásad správnej obchodnej praxe. | ||
| 610 | 2 | 0 | |a Slovensko |
| 610 | 2 | 0 | |a vzťahy obchodné |
| 610 | 2 | 0 | |a politika protimonopolná |
| 610 | 2 | 0 | |a priemysel potravinársky |
| 610 | 2 | 0 | |a dohody obchodné |
| 610 | 2 | 0 | |a reťazce obchodné |